000 00670nam a2200229Ia 4500
003 OSt
005 20221002054927.0
006 a|||||r|||| 00| 0
007 ta
008 220930b |||||||| |||| 00| 0 urd d
024 _a71104
037 _cReference Collections
040 _aCRL
_cCRL
_burd
041 _2urd
_aurd
082 _aO44(Q7)vN7, 168L2.1-.2(RR)
100 _aMehmood Sayed Fayaz Au.
_9576491
245 0 _aTareekh-e-adbiyat musalmanan-e-Pakistan-o-Hind
260 _c1972
650 _aINDIAN LITERATURE
942 _hO44(Q7)vN7, 168L2.1-.2(RR)
_cref
_2CC
999 _c926219
_d926219